| 000 | 00522nam a2200145Ia 4500 | ||
|---|---|---|---|
| 008 | 240514t2024||||xx |||||||||||||| ||spa|| | ||
| 110 | _aMéxico Design | ||
| 119 |
_bArquitectura _cModelos y maquetas |
||
| 245 | 0 | _aSimbología estructural: esto significan los símbolos en los planos | |
| 260 |
_bMéxico Desing _c2024 |
||
| 538 | _aAcceso vía web | ||
| 540 | _fAcceso abierto | ||
| 650 | _aDibujo de arquitectura | ||
| 856 | _uhttps://mexicodesign.com/simbologia-estructural-esto-significan-los-simbolos-en-los-planos/ | ||
| 999 |
_c174192 _d174192 |
||